| 000 | 01936cam a22003378a 4500 | ||
|---|---|---|---|
| 001 | 18054432 | ||
| 005 | 20150504140233.0 | ||
| 008 | 140228s2014 enka frb 001 0 eng d | ||
| 020 | _a9780415817318 (pbk. : alk. paper) | ||
| 020 | _z9781315858715 (ebook) | ||
| 040 |
_aDNLM/DLC _cDLC _dEG-ScBUE |
||
| 043 | _ae-uk--- | ||
| 082 | 0 | 4 |
_a363.119363370941 _222 _bFIR |
| 110 | 2 |
_aFire Protection Association _937727 |
|
| 245 | 1 | 0 |
_aFire safety and risk management : _bfor the NEBOSH national certificate in fire safety and risk management / _cFire Protection Association. |
| 250 | _a1st ed. | ||
| 260 |
_aOxon ; _aNew York : _bRoutledge, _c2015. |
||
| 300 |
_axvi, 549 p. : _bill. (col.) ; _c30 cm. |
||
| 500 | _aIndex : p. 539-549. | ||
| 504 | _aBibliography : p. 535-537. | ||
| 505 | 0 | _aFoundations in health and safety -- Health and safety management systems policy -- Health and safety management systems organising -- Health and safety management systems planning and implementing -- Health and safety management systems measuring, auditing and reviewing -- Managing fire safety -- Principles of fire and explosion -- Causes and prevention of fires and explosions -- Fire protection in buildings -- Safety of people in the event of fire -- Fire safety risk assessment -- Summary of the main legal requirements -- Environmental and international considerations -- Study skills -- Sources of information and guidance. | |
| 650 | 7 |
_aFires _xprevention & control _zGreat Britain. _2BUEsh _937728 |
|
| 650 | 7 |
_aOccupational Health _xlegislation & jurisprudence _zGreat Britain. _2BUEsh _937729 |
|
| 650 | 7 |
_aCertification _zGreat Britain. _2BUEsh _937730 |
|
| 650 | 7 |
_aSafety Management _xmethods _zGreat Britain. _2BUEsh _937731 |
|
| 650 | 7 |
_aWorkplace _xlegislation & jurisprudence _zGreat Britain. _2BUEsh _937732 |
|
| 651 | _2BUEsh | ||
| 653 |
_bENGARC _cApril2015 |
||
| 655 |
_vreading book _934232 |
||
| 942 |
_2ddc _k363.119363370941 FIR |
||
| 999 |
_c19222 _d19194 |
||